Queen - poziom średni - Statystyki

Ogólne statystyki
  • Ten quiz został rozwiązany 30 razy
  • Średni wynik to 3 z 6
Statystyki odpowiedzi
fragment tekstu Nazwa utworu % Poprawnych
you've hurt me, You've broken my heart and now you leave me. Love of my life
93%
In the year of 'thirty-nine' assembled here the volunteers In the days when lands were few '39
63%
One man, one goal, one mission One heart, one soul, just one solution One Vision
63%
The days were endless, we were crazy, we were young The sun was always shinin - we just lived for fun Sometimes it seems like lately - I just don't know The rest of my life's been - just a show These are the days of our lives
50%
I reign with my left hand, I rule with my right I'm lord of all darkness, I'm queen of the night I've got the power The March of the black Queen
30%
My game of love has just begun. Love runs from my head down to my toes,
Play the game
27%
Nie znaleziono quizów pasujących do podanych kryteriów
Rozkład punktacji
Procent ludzi z każdym wynikiem
Percentyl według liczby udzielonych odpowiedzi
Twoja historia wyników
Nie rozwiązałeś tego quizu